000 00321nam a22001457a 4500
008 230206b ||||| |||| 00| 0 eng d
020 _a9780077282721
041 _aeng
080 _2SECOND EDITION
_a51
082 _a51COB
100 _a20
101 _aMATEM
245 _aTRIGONOMETRY
_cCOBURN W J
942 _2udc
_cBK
999 _c59311
_d59311